000 00497nam a22001697a 4500
005 20251108164034.0
008 250721s2000 xx 000 0 ara d
082 1 4 _a811.9/رمض
100 1 _aرمضان، عبد المنعم
245 1 0 _aغريب على العائلة :
_bشعر /
264 1 _aالدار البيضاء :
_bدار توبقال،
_c2000.
300 _a139ص
650 1 7 _aالشعر العربي
650 1 7 _aالشعر المعاصر
942 _2ddc
_cBK
999 _c2054
_d2054